000 00918nam a2200241Ia 4500
003 OSt
005 20220923225320.0
006 a|||||r|||| 00| 0
007 ta
008 220922b |||||||| |||| 00| 0 hin d
024 _a263,297
037 _cTextual
040 _aARTS
_cARTS
_bhin
041 _2hin
_ahin
082 _aC51, 152K6
100 _aगुप्त, धनवन्तकिशोर; राय, जयनारायण
_9168599
245 0 _aप्रकाशिकी, संपा नन्दलाल सिंह
246 _aPrakāshikī, sanpā0 nandalāl sianha
260 _aवाराणसी
_b काशी हिन्दू विश्वविद्यालय
_c1966
300 _a402पृ.
_ccm.
942 _hC51, 152K6
_cTEXL
_2CC
999 _c377529
_d377529